<?xml version="1.0" encoding="UTF-8"?>
<record
    xmlns:xsi="http://www.w3.org/2001/XMLSchema-instance"
    xsi:schemaLocation="http://www.loc.gov/MARC21/slim http://www.loc.gov/standards/marcxml/schema/MARC21slim.xsd"
    xmlns="http://www.loc.gov/MARC21/slim">

  <leader>00640nam a2200229 a 4500</leader>
  <datafield tag="999" ind1=" " ind2=" ">
    <subfield code="c">1189</subfield>
    <subfield code="d">1189</subfield>
  </datafield>
  <controlfield tag="008">191206s2013    ii a|||g |||| 001 0 eng d</controlfield>
  <datafield tag="020" ind1=" " ind2=" ">
    <subfield code="a">9789350593363</subfield>
    <subfield code="c">Rs. 590.00</subfield>
  </datafield>
  <datafield tag="040" ind1=" " ind2=" ">
    <subfield code="a">KO</subfield>
    <subfield code="b">eng</subfield>
  </datafield>
  <datafield tag="041" ind1="0" ind2=" ">
    <subfield code="a">eng</subfield>
  </datafield>
  <datafield tag="044" ind1=" " ind2=" ">
    <subfield code="a">ii</subfield>
  </datafield>
  <datafield tag="082" ind1="0" ind2="4">
    <subfield code="2">23</subfield>
    <subfield code="a">658.4034</subfield>
    <subfield code="b">Sh233</subfield>
  </datafield>
  <datafield tag="100" ind1="1" ind2=" ">
    <subfield code="a">Sharma, J. K.</subfield>
  </datafield>
  <datafield tag="245" ind1="1" ind2="0">
    <subfield code="a">Operations Research :</subfield>
    <subfield code="b">theory and applications /</subfield>
  </datafield>
  <datafield tag="250" ind1=" " ind2=" ">
    <subfield code="a">5th ed.</subfield>
  </datafield>
  <datafield tag="260" ind1=" " ind2=" ">
    <subfield code="a">Delhi :</subfield>
    <subfield code="b">Macmillan Publishers India Ltd. (Trinity Press),</subfield>
    <subfield code="c">2013.</subfield>
  </datafield>
  <datafield tag="300" ind1=" " ind2=" ">
    <subfield code="a">xviii, 944 p. :</subfield>
    <subfield code="b">ill. ;</subfield>
    <subfield code="c">28 cm.</subfield>
  </datafield>
  <datafield tag="504" ind1=" " ind2=" ">
    <subfield code="a">Includes Index.</subfield>
  </datafield>
  <datafield tag="650" ind1=" " ind2="0">
    <subfield code="a">Operations research</subfield>
  </datafield>
  <datafield tag="852" ind1=" " ind2=" ">
    <subfield code="a">KO</subfield>
  </datafield>
  <datafield tag="904" ind1=" " ind2=" ">
    <subfield code="a">A_BOSE</subfield>
  </datafield>
  <datafield tag="942" ind1=" " ind2=" ">
    <subfield code="c">BK</subfield>
  </datafield>
  <datafield tag="952" ind1=" " ind2=" ">
    <subfield code="0">0</subfield>
    <subfield code="1">0</subfield>
    <subfield code="2">ddc</subfield>
    <subfield code="4">0</subfield>
    <subfield code="6">658_403400000000000_SH233</subfield>
    <subfield code="7">0</subfield>
    <subfield code="8">MANS</subfield>
    <subfield code="9">4784</subfield>
    <subfield code="a">KO</subfield>
    <subfield code="b">KO</subfield>
    <subfield code="c">GEN</subfield>
    <subfield code="d">2015-02-19</subfield>
    <subfield code="e">M/s Anand Enterprises (Inv. No. 1728 dt. 2015-02-18)</subfield>
    <subfield code="g">590.00</subfield>
    <subfield code="o">658.4034 Sh233</subfield>
    <subfield code="p">BK001216</subfield>
    <subfield code="r">2019-12-06</subfield>
    <subfield code="y">BK</subfield>
    <subfield code="z">Gen. Shelf-29, Row-4</subfield>
  </datafield>
  <datafield tag="952" ind1=" " ind2=" ">
    <subfield code="0">0</subfield>
    <subfield code="1">0</subfield>
    <subfield code="2">ddc</subfield>
    <subfield code="4">0</subfield>
    <subfield code="6">658_403400000000000_SH233</subfield>
    <subfield code="7">0</subfield>
    <subfield code="8">MANS</subfield>
    <subfield code="9">4785</subfield>
    <subfield code="a">KO</subfield>
    <subfield code="b">KO</subfield>
    <subfield code="c">GEN</subfield>
    <subfield code="d">2015-02-19</subfield>
    <subfield code="e">M/s Anand Enterprises (Inv. No. 1728 dt. 2015-02-18)</subfield>
    <subfield code="g">590.00</subfield>
    <subfield code="o">658.4034 Sh233</subfield>
    <subfield code="p">BK001217</subfield>
    <subfield code="r">2019-12-06</subfield>
    <subfield code="y">BK</subfield>
    <subfield code="z">Gen. Shelf-29, Row-4</subfield>
  </datafield>
  <datafield tag="952" ind1=" " ind2=" ">
    <subfield code="0">0</subfield>
    <subfield code="1">0</subfield>
    <subfield code="2">ddc</subfield>
    <subfield code="4">0</subfield>
    <subfield code="6">658_403400000000000_SH233</subfield>
    <subfield code="7">0</subfield>
    <subfield code="8">MANS</subfield>
    <subfield code="9">4786</subfield>
    <subfield code="a">KO</subfield>
    <subfield code="b">KO</subfield>
    <subfield code="c">GEN</subfield>
    <subfield code="d">2019-12-06</subfield>
    <subfield code="e">M/s Anand Enterprises (Inv. No. 1728 dt. 2015-02-18)</subfield>
    <subfield code="g">590.00</subfield>
    <subfield code="o">658.4034 Sh233</subfield>
    <subfield code="p">BK002768</subfield>
    <subfield code="r">2019-12-06</subfield>
    <subfield code="y">BK</subfield>
    <subfield code="z">Gen. Shelf-29, Row-3</subfield>
  </datafield>
  <datafield tag="952" ind1=" " ind2=" ">
    <subfield code="0">0</subfield>
    <subfield code="1">0</subfield>
    <subfield code="2">ddc</subfield>
    <subfield code="4">0</subfield>
    <subfield code="6">658_403400000000000_SH233</subfield>
    <subfield code="7">0</subfield>
    <subfield code="8">MANS</subfield>
    <subfield code="9">4787</subfield>
    <subfield code="a">KO</subfield>
    <subfield code="b">KO</subfield>
    <subfield code="c">GEN</subfield>
    <subfield code="d">2019-12-06</subfield>
    <subfield code="e">M/s Anand Enterprises (Inv. No. 1728 dt. 2015-02-18)</subfield>
    <subfield code="g">590.00</subfield>
    <subfield code="o">658.4034 Sh233</subfield>
    <subfield code="p">BK002769</subfield>
    <subfield code="r">2019-12-06</subfield>
    <subfield code="y">BK</subfield>
    <subfield code="z">Gen. Shelf-29, Row-4</subfield>
  </datafield>
  <datafield tag="952" ind1=" " ind2=" ">
    <subfield code="0">0</subfield>
    <subfield code="1">0</subfield>
    <subfield code="2">ddc</subfield>
    <subfield code="4">0</subfield>
    <subfield code="6">658_403400000000000_SH233</subfield>
    <subfield code="7">0</subfield>
    <subfield code="8">MANS</subfield>
    <subfield code="9">4788</subfield>
    <subfield code="a">KO</subfield>
    <subfield code="b">KO</subfield>
    <subfield code="c">GEN</subfield>
    <subfield code="d">2019-12-06</subfield>
    <subfield code="e">M/s Anand Enterprises (Inv. No. 1728 dt. 2015-02-18)</subfield>
    <subfield code="g">590.00</subfield>
    <subfield code="l">2</subfield>
    <subfield code="o">658.4034 Sh233</subfield>
    <subfield code="p">BK002770</subfield>
    <subfield code="r">2025-12-31</subfield>
    <subfield code="s">2025-08-07</subfield>
    <subfield code="y">BK</subfield>
    <subfield code="z">Gen. Shelf-29, Row-3</subfield>
  </datafield>
  <datafield tag="952" ind1=" " ind2=" ">
    <subfield code="0">0</subfield>
    <subfield code="1">0</subfield>
    <subfield code="2">ddc</subfield>
    <subfield code="4">0</subfield>
    <subfield code="6">658_403400000000000_SH233</subfield>
    <subfield code="7">0</subfield>
    <subfield code="8">MANS</subfield>
    <subfield code="9">4789</subfield>
    <subfield code="a">KO</subfield>
    <subfield code="b">KO</subfield>
    <subfield code="c">GEN</subfield>
    <subfield code="d">2019-12-06</subfield>
    <subfield code="e">M/s Anand Enterprises (Inv. No. 1728 dt. 2015-02-18)</subfield>
    <subfield code="g">590.00</subfield>
    <subfield code="o">658.4034 Sh233</subfield>
    <subfield code="p">BK002771</subfield>
    <subfield code="r">2019-12-06</subfield>
    <subfield code="y">BK</subfield>
    <subfield code="z">Gen. Shelf-29, Row-3</subfield>
  </datafield>
  <datafield tag="952" ind1=" " ind2=" ">
    <subfield code="0">0</subfield>
    <subfield code="1">0</subfield>
    <subfield code="2">ddc</subfield>
    <subfield code="4">0</subfield>
    <subfield code="6">658_403400000000000_SH233</subfield>
    <subfield code="7">0</subfield>
    <subfield code="8">MANS</subfield>
    <subfield code="9">4790</subfield>
    <subfield code="a">KO</subfield>
    <subfield code="b">KO</subfield>
    <subfield code="c">GEN</subfield>
    <subfield code="d">2019-12-06</subfield>
    <subfield code="e">M/s Anand Enterprises (Inv. No. 1728 dt. 2015-02-18)</subfield>
    <subfield code="g">590.00</subfield>
    <subfield code="o">658.4034 Sh233</subfield>
    <subfield code="p">BK002772</subfield>
    <subfield code="r">2019-12-06</subfield>
    <subfield code="y">BK</subfield>
    <subfield code="z">Gen. Shelf-29, Row-3</subfield>
  </datafield>
  <datafield tag="952" ind1=" " ind2=" ">
    <subfield code="0">0</subfield>
    <subfield code="1">0</subfield>
    <subfield code="2">ddc</subfield>
    <subfield code="4">0</subfield>
    <subfield code="6">658_403400000000000_SH233</subfield>
    <subfield code="7">0</subfield>
    <subfield code="8">MANS</subfield>
    <subfield code="9">4791</subfield>
    <subfield code="a">KO</subfield>
    <subfield code="b">KO</subfield>
    <subfield code="c">GEN</subfield>
    <subfield code="d">2019-12-06</subfield>
    <subfield code="e">M/s Anand Enterprises (Inv. No. 1728 dt. 2015-02-18)</subfield>
    <subfield code="g">590.00</subfield>
    <subfield code="o">658.4034 Sh233</subfield>
    <subfield code="p">BK002773</subfield>
    <subfield code="r">2019-12-06</subfield>
    <subfield code="y">BK</subfield>
    <subfield code="z">Gen. Shelf-29, Row-4</subfield>
  </datafield>
  <datafield tag="952" ind1=" " ind2=" ">
    <subfield code="0">0</subfield>
    <subfield code="1">0</subfield>
    <subfield code="2">ddc</subfield>
    <subfield code="4">0</subfield>
    <subfield code="6">658_403400000000000_SH233</subfield>
    <subfield code="7">0</subfield>
    <subfield code="8">MANS</subfield>
    <subfield code="9">4792</subfield>
    <subfield code="a">KO</subfield>
    <subfield code="b">KO</subfield>
    <subfield code="c">GEN</subfield>
    <subfield code="d">2019-12-06</subfield>
    <subfield code="e">M/s Anand Enterprises (Inv. No. 1728 dt. 2015-02-18)</subfield>
    <subfield code="g">590.00</subfield>
    <subfield code="o">658.4034 Sh233</subfield>
    <subfield code="p">BK002774</subfield>
    <subfield code="r">2019-12-06</subfield>
    <subfield code="y">BK</subfield>
    <subfield code="z">Gen. Shelf-29, Row-3</subfield>
  </datafield>
  <datafield tag="952" ind1=" " ind2=" ">
    <subfield code="0">0</subfield>
    <subfield code="1">0</subfield>
    <subfield code="2">ddc</subfield>
    <subfield code="4">0</subfield>
    <subfield code="6">658_403400000000000_SH233</subfield>
    <subfield code="7">0</subfield>
    <subfield code="8">MANS</subfield>
    <subfield code="9">4793</subfield>
    <subfield code="a">KO</subfield>
    <subfield code="b">KO</subfield>
    <subfield code="c">GEN</subfield>
    <subfield code="d">2019-12-06</subfield>
    <subfield code="e">M/s Anand Enterprises (Inv. No. 1728 dt. 2015-02-18)</subfield>
    <subfield code="g">590.00</subfield>
    <subfield code="o">658.4034 Sh233</subfield>
    <subfield code="p">BK002775</subfield>
    <subfield code="r">2019-12-06</subfield>
    <subfield code="y">BK</subfield>
    <subfield code="z">Gen. Shelf-29, Row-3</subfield>
  </datafield>
</record>
